The diversity of management : twelve managers talking

Αποθηκεύτηκε σε:
Λεπτομέρειες βιβλιογραφικής εγγραφής
Κύριος συγγραφέας: Stewart, Rosemary
Άλλοι συγγραφείς: Barsoux, Jean-Louis
Μορφή: Βιβλίο
Γλώσσα:English
Δημοσίευση: Houndmills : Macmillan, 1994
Θέματα:
Ετικέτες: Προσθήκη ετικέτας
Δεν υπάρχουν, Καταχωρήστε ετικέτα πρώτοι!

MARC

LEADER 00000nam a2200000 i 4500
001 1/62343
008 980617s1994 eng d
020 |a 0333585747 
035 |l 10029055 
040 |a GR-MY-UA  |b gre  |e aacr 
041 0 |a eng 
082 0 |a 658 
100 1 |a Stewart, Rosemary. 
245 1 4 |a The diversity of management :  |b twelve managers talking /  |c Rosemary Stewart, Jean-Louis Barsoux 
260 |a Houndmills :   |b Macmillan,   |c 1994 
300 |a xiii, 181 p. 
504 |a Includes index 
650 0 0 |a Comparative management. 
650 0 0 |a Organizational behavior. 
700 1 |a Barsoux, Jean-Louis. 
852 |a INST  |b CHIOS  |e 19980617  |h 658 STE  |p 005200016129  |q 005200016129  |t BK  |y 0 
901 |a BIBL-1998-2 
909 |a Χ  |b 057391 
922 |a 2ΕΛΗ  |b 199805  |c ΤΔΕ  |d ΠΑΠΑΣΩΤΗΡΙΟΥ